[Event "Challenge"]
[Site "http://www.queenalice.com/game.php?id=1759610"]
[Date "2021.5.16"]
[Round "-"]
[White "roli68"]
[Black "cavaliernoir"]
[Result "0-1"]
[WhiteElo "1696"]
[BlackElo "1517"]

1. e4 e5 2. Nh3 Nf6 3. d3 d6 4. d4 Bxh3 5. gxh3 Nxe4 6. d5 c6 7. f3 Nf6 8. dxc6
Nxc6 9. Bb5 a6 10. Bd3 Be7 11. f4 e4 12. Bf1 d5 13. c3 b5 14. Rg1 O-O 15. Qe2
Bc5 16. Be3 Bxe3 17. Qxe3 Na5 18. Qg3 g6 19. Be2 Kh8 20. h4 Rg8 21. Qf2 Nc4 22.
b3 Nb6 23. Nd2 Rc8 24. Rc1 Rb8 25. b4 Nc4 26. Nxc4 dxc4 27. Rd1 Qb6 28. Qd4 Qxd4
29. Rxd4 Rbd8 30. Rxd8 Rxd8 31. Kf2 Rd2 32. a3 Rc2 33. Rg3 Ra2 34. a4 Rxa4 35.
Rg5 Kg7 36. h5 Kh6 37. Ke3 Ra3 38. Kd2 gxh5 39. Rf5 Ng4 40. Rxf7 Nxh2 41. Rf6+
Kg7 42. Re6 h4 43. Rxe4 Ra1 44. f5 Rf1 45. Bxf1 Nxf1+ 46. Ke1 Ng3 47. Re7+ Kf6
48. Rxh7 Nxf5 49. Ra7 Ke5 50. Rxa6 Ke4 51. Re6+ Kf4 52. Kf1 Kg3 53. Rg6+ Kh2 54.
Kf2 h3 55. Rg5 Nh6 56. Rh5 Ng4+ 57. Kf3 Nf6 58. Rh6 Nd5 59. Kg4 Ne3+ 60. Kf3 Nf5
61. Rh7 Ng3 62. Kg4 Ne2 63. Rxh3+ Kg2 64. Re3 Kf2 65. Rf3+ Ke1 66. Re3 Kd2 67.
Kf3 Nxc3 68. Re5 Kd3 69. Re3+ Kd4 70. Re1 Nd5 71. Rd1+ Ke5 72. Re1+ Kf5 73. Rb1
Nc3 74. Ra1 Ke5 75. Ra3 Kd4 76. Kf2 Kd3 77. Kf3 Kc2 78. Ke3 Nb1 79. Ra5 Nc3 80.
Kd4 Kb3 81. Kc5 Na2 82. Kxb5 c3 83. Rxa2 Kxa2 84. Kc4 c2 85. b5 c1=Q+ 86. Kb4
Qc7 0-1

[Event "AUTO-OPEN-4282"]
[Site "http://www.queenalice.com/game.php?id=1760586"]
[Date "2021.5.27"]
[Round "1"]
[White "roli68"]
[Black "forever"]
[Result "1-0"]
[WhiteElo "1680"]
[BlackElo "1691"]

1. e4 e5 2. Nf3 d6 3. Na3 Nf6 4. Bb5+ c6 5. Be2 d5 6. Nxe5 dxe4 7. Bh5 Be6 8. f4
Nd5 9. d4 Qh4+ 10. g3 Qf6 11. c3 Nd7 12. Nac4 b5 13. Nd6+ Bxd6 14. Nxc6 O-O 15.
Qe2 Rfe8 16. O-O Qh6 17. f5 e3 18. fxe6 Rxe6 19. Bxf7+ 1-0

[Event "AUTO-OPEN-4282"]
[Site "http://www.queenalice.com/game.php?id=1760587"]
[Date "2021.5.27"]
[Round "1"]
[White "forever"]
[Black "roli68"]
[Result "1-0"]
[WhiteElo "1866"]
[BlackElo "1644"]

1. Nf3 d5 2. e4 dxe4 3. Ng5 f5 4. d3 h6 5. Qh5+ Kd7 6. dxe4 Nf6 7. Qd1+ Ke8 8.
Qxd8+ Kxd8 9. Nf7+ Ke8 10. Nxh8 Nxe4 11. Bf4 Na6 12. Bxa6 bxa6 13. O-O c6 14.
Ng6 Nf6 15. Nc3 Nh5 16. Be3 e6 17. Nxf8 Kxf8 18. Rad1 f4 19. Bc5+ Kf7 20. Rd8
Nf6 21. Rfd1 Kg6 22. R1d6 Bb7 23. Rxa8 Bxa8 24. Rxe6 Bb7 25. Ne4 Kf5 26. Re7 Bc8
27. Nd6+ Kg6 28. Nxc8 Nd5 29. c3 Nxe7 30. Bxe7 Kf7 31. Bc5 a5 32. Nxa7 g5 33. a4
Ke6 34. Bb6 Kd6 35. Kf1 c5 36. Bxa5 Kd5 37. Ke2 c4 38. Bb6 Ke4 39. a5 g4 40. a6
f3+ 41. gxf3+ gxf3+ 42. Kd2 h5 43. Nc6 Kd5 44. Nd4 Ke4 45. a7 h4 46. a8=Q+ Kf4
47. Qxf3+ Ke5 48. Qf5+ Kd6 49. Qe6# 1-0

[Event "AUTO-OPEN-4282"]
[Site "http://www.queenalice.com/game.php?id=1760588"]
[Date "2021.5.27"]
[Round "1"]
[White "roli68"]
[Black "maurice91"]
[Result "0-1"]
[WhiteElo "1637"]
[BlackElo "1808"]

1. e4 c6 2. d4 d5 3. e5 Bf5 4. Nf3 e6 5. Nh4 Qxh4 6. g3 Qe7 7. g4 Be4 8. f3 Bg6
9. h4 h5 10. g5 Nd7 11. Nc3 Qb4 12. a3 Qa5 13. Bd2 Qb6 14. Be3 Qxb2 15. Bd2 Qb6
16. Na4 Qxd4 17. c3 Qxe5+ 18. Kf2 b5 19. Nb2 Bc5+ 20. Kg2 Ne7 21. a4 Nf5 22. Qe1
Qxe1 23. Rxe1 O-O 24. axb5 cxb5 25. Bxb5 Nb6 26. Nd3 Bd6 27. Rh3 Ne7 28. f4 Bxd3
29. Bxd3 g6 30. Rb1 Nc6 31. Be3 Rfc8 32. Bd2 Ne7 33. Bb5 Nf5 34. Bc6 Rab8 35.
Bb5 d4 36. cxd4 Nxd4 37. Bd3 e5 38. f5 Nxf5 39. Ra1 Rc7 40. Ra2 Nd5 41. Ra3 Bxa3
42. Bxf5 gxf5 43. Rxa3 Rc2 44. Rd3 Nf4+ 45. Kg3 Nxd3 46. Be3 f4+ 47. Bxf4 Nxf4
48. Kf3 Rb4 49. Ke3 Rc3+ 50. Kd2 Nd5 51. Ke1 Rb2 52. Kf1 Rc1# 0-1

[Event "AUTO-OPEN-4282"]
[Site "http://www.queenalice.com/game.php?id=1760589"]
[Date "2021.5.27"]
[Round "1"]
[White "maurice91"]
[Black "roli68"]
[Result "1-0"]
[WhiteElo "1771"]
[BlackElo "1608"]

1. d4 d5 2. c4 dxc4 3. Nc3 e6 4. e4 c5 5. Be3 Qb6 6. dxc5 Qxb2 7. Qc1 Qxc1+ 8.
Rxc1 Na6 9. Bxc4 Bxc5 10. Bxa6 Bxe3 11. Bxb7 Bxc1 12. Bxa8 Nf6 13. Bc6+ Ke7 14.
Nge2 Ba3 15. O-O g5 16. Rb1 h5 17. g3 Ng4 18. h3 Ne5 19. Ba4 h4 20. g4 Nf3+ 21.
Kg2 Nd2 22. Rb8 Bd6 23. Rb2 Nc4 24. Rc2 Na3 25. Rd2 Ba6 26. f3 Nc4 27. Rd3 Nb2
28. Rd4 e5 29. Rb4 Bxb4 30. Nd5+ Kd6 31. Nxb4 Nxa4 32. Nxa6 Rc8 33. Nb4 Rc4 34.
a3 a5 35. Nd5 Rc2 36. Kf1 Ra2 37. Ne3 Rxa3 38. Nc4+ Ke6 39. Nxa3 Nb2 40. Nc3 Nd3
41. Kg2 Nf4+ 42. Kh2 Nd3 43. Ne2 Ne1 44. Ng1 Kd6 45. Nc4+ Ke6 46. Nxa5 f6 47.
Nb3 Kd6 48. Nd2 Kc5 49. Ne2 Kb4 50. Kg1 Ka3 51. Kf2 Nd3+ 52. Ke3 Nc5 53. Nc4+
Kb3 54. Nd6 Ne6 55. Ne8 f5 56. exf5 Nc5 57. f6 Nd7 58. Ke4 Kc2 59. Ke3 Kd1 60.
Kf2 Kd2 61. f7 Kd3 62. Nf6 Nf8 63. Ne4 Kc4 64. Nxg5 Kd5 65. Ke3 Kd6 66. Ke4 Ne6
67. Nxe6 Kxe6 68. f8=Q Kd7 69. Kxe5 Kc7 70. Kd5 Kb6 71. Nd4 Ka5 72. Qb8 Ka4 73.
Kc5 Ka3 74. Qb3# 1-0

[Event "AUTO-OPEN-4282"]
[Site "http://www.queenalice.com/game.php?id=1760590"]
[Date "2021.5.27"]
[Round "1"]
[White "roli68"]
[Black "BeatifulDevil56"]
[Result "0-1"]
[WhiteElo "1639"]
[BlackElo "1927"]

1. e4 e5 2. Nf3 Nc6 3. d3 Bc5 4. Bg5 f6 5. Bd2 d5 6. a3 d4 7. b4 Bb6 8. a4 a5 9.
b5 Na7 10. c4 Ne7 11. Nh4 Be6 12. g4 g5 13. Nf5 Bxf5 14. gxf5 h5 15. Be2 h4 16.
Bh5+ Kd7 17. Bf7 c6 18. Be6+ Kc7 19. Qc1 c5 20. Qd1 Kb8 21. Bc1 Nac8 22. h3 Nd6
23. Nd2 Ne8 24. Nb3 Ng7 25. Qf3 Nxe6 26. fxe6 Qc7 27. Bd2 Ng8 28. Qf5 Ka7 29.
Ke2 Qh7 30. f3 Qxf5 31. exf5 Nh6 32. Bxa5 Bxa5 33. Nxa5 b6 34. Nc6+ Kb7 35. a5
bxa5 36. Nxa5+ Kb6 37. Nc6 Rxa1 38. Rxa1 Kb7 0-1

[Event "AUTO-OPEN-4282"]
[Site "http://www.queenalice.com/game.php?id=1760591"]
[Date "2021.5.27"]
[Round "1"]
[White "BeatifulDevil56"]
[Black "roli68"]
[Result "1-0"]
[WhiteElo "1937"]
[BlackElo "1680"]

1. d4 d5 2. Nf3 e6 3. Bf4 Bb4+ 4. c3 Be7 5. e3 Nf6 6. Nbd2 h6 7. Be2 g5 8. Be5
Nc6 9. Bb5 a6 10. Bxc6+ bxc6 11. Qa4 Bd7 12. Qa5 Ra7 13. h3 Rg8 14. g4 Qb8 15.
b4 Bc8 16. Bxf6 Bxf6 17. Qa4 Bd7 18. Nb3 c5 19. Qa3 Qb5 20. Nxc5 a5 21. Nxd7
Kxd7 22. bxa5 Rxa5 23. Qb4 Be7 24. Ne5+ Ke8 25. Qxb5+ Rxb5 26. O-O f6 27. Nc6
Kf7 28. Rfb1 Rb6 29. Rxb6 cxb6 30. Rb1 Rc8 31. Nxe7 Kxe7 32. Rxb6 Rxc3 33. Rb7+
Kd6 34. Rh7 Rc2 35. Rxh6 Rxa2 36. Rxf6 Ra1+ 37. Kg2 Ke7 38. Rg6 Kf7 39. Rxg5 Kf6
40. Re5 Ke7 41. h4 Ra8 42. f4 Ra3 43. f5 Ra6 44. Rxe6+ Rxe6 45. fxe6 Kxe6 46.
Kg3 Kf6 47. Kf4 Ke6 48. g5 Kf7 49. Kf5 Kg7 50. h5 Kh7 51. Ke5 Kg7 52. Kxd5 Kf7
53. Ke5 Kg7 54. Ke6 Kh7 55. Kf7 Kh8 56. h6 Kh7 57. g6+ Kh8 58. g7+ Kh7 59. g8=Q+
Kxh6 60. Qg6# 1-0

[Event "Challenge"]
[Site "http://www.queenalice.com/game.php?id=1762427"]
[Date "2021.6.17"]
[Round "-"]
[White "cavaliernoir"]
[Black "roli68"]
[Result "1-0"]
[WhiteElo "1535"]
[BlackElo "1663"]

1. e4 d5 2. Nc3 dxe4 3. Nxe4 f6 4. c3 g5 5. b4 Bf5 6. d3 Qd5 7. Qe2 Nh6 8. Qe3
Ng4 9. Qf3 Qe5 10. Bd2 Nc6 11. Nh3 O-O-O 12. Be2 Qe6 13. Bxg5 fxg5 14. Nhxg5 Qg6
15. Qf4 Nge5 16. Rd1 h6 17. g3 hxg5 18. Nxg5 Bh6 19. Bh5 Qf6 20. h4 Rxd3 21. Rc1
Rd6 22. O-O Nd3 23. Qd2 Ndxb4 24. Qe3 b6 25. cxb4 Nxb4 26. a3 Nd5 27. Qd2 Bg7
28. Nf7 Rxh5 29. Nxd6+ Qxd6 30. Qe2 Qxa3 31. Qxh5 Qd3 32. Rfd1 Qe4 33. Re1 Qd3
34. Qf7 Bh6 35. Ra1 Bd2 36. Red1 e6 37. Rxa7 Qc2 38. Qe8# 1-0

[Event "AUTO-OPEN-4297"]
[Site "http://www.queenalice.com/game.php?id=1765968"]
[Date "2021.8.2"]
[Round "1"]
[White "roli68"]
[Black "attachui"]
[Result "0-1"]
[WhiteElo "1599"]
[BlackElo "2097"]

1. e4 c5 2. e5 Nc6 3. f4 d5 4. Nh3 Bxh3 5. gxh3 e6 6. Na3 Qh4+ 7. Ke2 Nd4+ 8.
Ke3 Nf5+ 9. Kd3 Qxf4 10. c3 Qe4# 0-1

[Event "AUTO-OPEN-4297"]
[Site "http://www.queenalice.com/game.php?id=1765969"]
[Date "2021.8.2"]
[Round "1"]
[White "attachui"]
[Black "roli68"]
[Result "1-0"]
[WhiteElo "2062"]
[BlackElo "1680"]

1. d4 d5 2. c4 dxc4 3. e4 b5 4. a4 c6 5. axb5 cxb5 6. Nc3 a6 7. Nxb5 Bb7 8. Nc3
Qc7 9. Nf3 Nf6 10. Qa4+ Kd8 11. Ne5 Kc8 12. f3 e6 13. Bf4 Rg8 14. Bxc4 Nh5 15.
Qe8+ Qd8 16. Qxf7 Nxf4 17. Qxf4 g6 18. Bxe6+ Nd7 19. Nxd7 Bc6 20. Nc5+ Bd7 21.
Bxd7+ Qxd7 22. Nxd7 Kxd7 23. Qf7+ Be7 24. Nd5 Rae8 25. Nf6+ Kd6 26. Rxa6+ Kc7
27. Qc4+ Bc5 28. Qxc5+ 1-0

[Event "AUTO-OPEN-4297"]
[Site "http://www.queenalice.com/game.php?id=1765972"]
[Date "2021.8.2"]
[Round "1"]
[White "roli68"]
[Black "rogervolei"]
[Result "1-0"]
[WhiteElo "1639"]
[BlackElo "1798"]

1. e4 e6 2. e5 a6 3. d4 h6 4. Qf3 d5 5. c4 Bb4+ 6. Bd2 Bxd2+ 7. Nxd2 c6 8. c5 b5
9. b4 a5 10. Qg3 Kf8 11. Qa3 a4 12. Qg3 a3 13. Nb1 Qg5 14. Nf3 Qxg3 15. hxg3 f6
16. g4 Ne7 17. Bd3 Nd7 18. Nfd2 fxe5 19. Nb3 exd4 20. Nxd4 Ne5 21. Be2 N7g6 22.
g3 Bd7 23. Nd2 Ke7 24. N2b3 Kf6 25. Rh5 1-0

[Event "AUTO-OPEN-4297"]
[Site "http://www.queenalice.com/game.php?id=1765973"]
[Date "2021.8.2"]
[Round "1"]
[White "rogervolei"]
[Black "roli68"]
[Result "0-1"]
[WhiteElo "1822"]
[BlackElo "1615"]

1. e3 e5 2. a3 e4 3. b4 d5 4. Bb2 f6 5. d3 Bf5 6. dxe4 Bxe4 7. Nd2 c5 8. Nxe4
dxe4 9. Qxd8+ Kxd8 10. O-O-O+ Kc7 11. bxc5 Bxc5 12. Ne2 Nc6 13. Nd4 Kb6 14. Ne6
g5 15. g4 h5 16. Be2 Ne5 17. Rd5 Rc8 18. Bxe5 Bxa3+ 19. Kb1 a6 20. gxh5 fxe5 21.
Rxe5 Rc6 22. Nxg5 Nf6 23. Nxe4 Nd7 24. Rg5 Ka7 0-1

[Event "Challenge"]
[Site "http://www.queenalice.com/game.php?id=1766314"]
[Date "2021.8.6"]
[Round "-"]
[White "cavaliernoir"]
[Black "roli68"]
[Result "1-0"]
[WhiteElo "1540"]
[BlackElo "1628"]

1. e4 e5 2. Nf3 f6 3. d3 Bb4+ 4. Bd2 Bc5 5. Qe2 Na6 6. c3 d5 7. b4 Be7 8. Qd1 d4
9. a3 dxc3 10. Bxc3 Be6 11. Nbd2 b5 12. d4 Bd6 13. dxe5 fxe5 14. Nxe5 Nf6 15.
Nc6 Qd7 16. Nd4 Bg4 17. Be2 c5 18. Nxb5 Nc7 19. Nxd6+ Qxd6 20. O-O O-O 21. Bxg4
Qd3 22. Bxf6 gxf6 23. bxc5 Qc3 24. Qc1 Qe5 25. Bf5 Nb5 26. Nf3 Qe7 27. Qc4+ Qf7
28. Qxb5 Rfb8 29. Qd3 Rd8 30. Qc3 Rdc8 31. e5 fxe5 32. Nxe5 Qxf5 33. c6 h5 34.
Rfe1 Rab8 35. Nd7 Rb6 36. Nxb6 axb6 37. Qb3+ Kg7 38. Qg3+ Kf6 39. Qd6+ Kg5 40.
Qd7 Qf8 41. Rab1 Rd8 42. Qe7+ Kg4 43. f3+ Kf5 44. Qxf8+ Rxf8 45. Rxb6 Rc8 46. a4
Kf6 47. a5 Kf7 48. a6 Kf8 49. a7 h4 50. Rb8 Rxb8 51. axb8=Q+ 1-0

[Event "Challenge"]
[Site "http://www.queenalice.com/game.php?id=1766315"]
[Date "2021.8.6"]
[Round "-"]
[White "roli68"]
[Black "cavaliernoir"]
[Result "1-0"]
[WhiteElo "1597"]
[BlackElo "1530"]

1. e4 e5 2. d3 d6 3. Qf3 Qe7 4. Nh3 h6 5. Nc3 c6 6. Bd2 Qe6 7. Na4 Bd7 8. b3 c5
9. b4 cxb4 10. Bxb4 Bxa4 11. a3 Bxc2 12. Rc1 Ba4 13. Rc4 Bb5 14. Rc7 b6 15. Be2
Na6 16. Rc3 Be7 17. O-O Nf6 18. Qf5 Qxf5 19. exf5 O-O 20. f4 Rac8 21. Rfc1 Rxc3
22. Rxc3 Nd5 23. Rc2 exf4 24. Bd2 Ba4 25. Rc4 Bb3 26. Rc1 Nc5 27. Nxf4 Nf6 28.
d4 Nce4 29. Bb4 Nd5 30. Nd3 Bf6 31. Bf3 Re8 32. h3 Bxd4+ 33. Kh2 Nxb4 34. Nxb4
a5 35. Nc6 Be3 36. Re1 Ng5 37. Bg4 d5 38. h4 Nh7 39. Bf3 Kf8 40. Rb1 a4 41. Nb4
Bc2 42. Nxc2 Bf4+ 43. g3 Bc7 44. Kh3 Nf6 45. Rb4 Ra8 46. Nd4 Ke7 47. Nc6+ Kd6
48. Nd4 Kc5 49. Nc2 g6 50. fxg6 fxg6 51. Rb1 Re8 52. Bg2 Re2 53. Nb4 Re3 54.
Na6+ Kc6 55. Rc1+ Kb7 56. Rxc7+ Kxa6 57. Rf7 Ne4 58. Bxe4 dxe4 59. Rf6 Rxa3 60.
Rxg6 Kb5 61. Rxh6 Re3 62. Rd6 a3 63. Rd2 Kb4 64. h5 Kb3 65. h6 a2 66. Rxa2 Rf3
67. Re2 Rf6 68. Re3+ Ka2 69. Re2+ Kb3 70. Rxe4 Rxh6+ 71. Kg2 b5 72. g4 b4 73.
Kg3 Kc3 74. g5 Rg6 75. Kg4 b3 76. Re3+ Kc2 77. Re1 b2 78. Kf5 b1=Q 79. Rxb1 Kxb1
80. Kxg6 Kc2 81. Kf5 Kd3 82. g6 Kd4 83. g7 Kc5 84. g8=Q Kd4 85. Kf4 1-0

[Event "Challenge"]
[Site "http://www.queenalice.com/game.php?id=1767414"]
[Date "2021.8.20"]
[Round "-"]
[White "jjjcarvalho"]
[Black "roli68"]
[Result "1-0"]
[WhiteElo "1643"]
[BlackElo "1631"]

1. e4 e5 2. Nf3 f6 3. Bc4 a6 4. d3 b5 5. Bb3 a5 6. a4 b4 7. c3 Na6 8. O-O Nc5 9.
Bc4 c6 10. cxb4 axb4 11. Be3 d6 12. Bxc5 dxc5 13. Qb3 Nh6 14. h3 Qd7 15. Nfd2 f5
16. f4 Qd6 17. fxe5 Qxe5 18. Nf3 Qf6 19. exf5 Nxf5 20. Re1+ Kd8 21. Nbd2 h5 22.
Ne4 Qh6 23. Rad1 g5 24. Nexg5 Nd4 25. Nxd4 cxd4 26. Ne6+ Bxe6 27. Bxe6 c5 28.
Qd5+ Ke7 29. Bg4+ Kf6 30. Re6+ Kg7 31. Rxh6 Rxh6 32. Qxa8 hxg4 33. Qb7+ Kg8 34.
hxg4 Rg6 35. Rf1 Bg7 36. Qf7+ Kh7 37. Rf5 Kh6 38. Rh5# 1-0

[Event "Challenge"]
[Site "http://www.queenalice.com/game.php?id=1776804"]
[Date "2021.12.10"]
[Round "-"]
[White "roli68"]
[Black "jjjcarvalho"]
[Result "1-0"]
[WhiteElo "1659"]
[BlackElo "1750"]

1. e4 c5 2. d4 cxd4 3. Qxd4 Nc6 4. Qe3 e5 5. Nh3 h6 6. Qf3 Nf6 7. Bd2 Nd4 8. Qd3
Qb6 9. b3 d5 10. exd5 Bd6 11. c4 Bc5 12. Be3 Ng4 13. Bd2 Bf5 14. Qc3 g5 15. f3
Nf6 16. Be3 O-O-O 17. g4 Nxf3+ 18. Ke2 Be4 19. Nf2 Bxe3 20. Qxe3 Qxe3+ 21. Kxe3
h5 22. Bh3 hxg4 23. Nxg4 Rxh3 24. Nxf6 Bxb1 25. Raxb1 Nd4+ 26. Ke4 Ne2 27. Kxe5
Rdh8 28. Ng4 Nc3 29. Rb2 Re8+ 30. Kf6 Ne4+ 31. Kxf7 Nd6+ 32. Kf6 Ne4+ 33. Kf7
Nd6+ 34. Kg6 Ne4 35. Re2 Rg8+ 36. Kf5 Nd6+ 37. Kf6 Rhh8 38. Rhe1 Ne8+ 39. Ke5
Rh4 40. Nf6 Nxf6 41. Kxf6 g4 42. Rg1 Rh7 43. Re3 Rxh2 44. Reg3 Rf2+ 45. Ke5 Re8+
46. Kd6 Rf6+ 47. Kc5 b6+ 48. Kb5 Kb7 49. Rxg4 a6+ 50. Kb4 a5+ 51. Ka4 Rf2 52.
Rg7+ Ka6 53. Ra1 Ree2 54. Ka3 Rd2 55. Rd7 b5 56. Rd6+ Kb7 57. cxb5 Kc7 58. Ra6
Rxd5 59. Rxa5 Kb6 60. Ka4 Rf4+ 61. b4 Rdd4 62. Rb1 Rf2 63. Ra6+ Kb7 64. a3 Rf5
65. Re1 Rd7 66. Ka5 Rdd5 67. a4 Rd7 68. Rb6+ Kc7 69. Ka6 Rf4 70. Rc1+ Kd8 71.
Rb8+ Ke7 72. Re1+ Kf7 73. Rb1 Ke6 74. b6 Rff7 75. b5 Rf4 76. Ra1 Rff7 77. b7
Rd6+ 78. b6 Re7 79. a5 Kf6 80. Rf1+ Ke6 81. Rc8 Rdd7 82. b8=Q Rd6 83. Re1+ Kf6
84. Qxd6+ Kf7 85. Qxe7+ 1-0

[Event " MJTributechannelY"]
[Site "http://www.queenalice.com/game.php?id=1776871"]
[Date "2021.12.11"]
[Round "-"]
[White "zubarev"]
[Black "roli68"]
[Result "1-0"]
[WhiteElo "2099"]
[BlackElo "1682"]

1. d4 d5 2. Nc3 c6 3. Nf3 b5 4. e3 Nh6 5. Bd3 Na6 6. O-O Bg4 7. Be2 Nb4 8. a3
Na6 9. Bd2 Qd6 10. Ne5 Bf5 11. f4 f6 12. Nf3 g6 13. Rf2 Qe6 14. Bc1 b4 15. axb4
Nxb4 16. Bd3 Ng4 17. Rf1 Nxe3 18. Bxe3 Qxe3+ 19. Kh1 Qxf4 20. Bxf5 Qxf5 21. Rc1
Bh6 22. Nd2 Qd7 23. Qe2 O-O 24. Rf3 a5 25. Rh3 Bg5 26. Nd1 h5 27. c3 Na6 28. Rb1
Nc7 29. Nf3 Bh6 30. Nh4 Kg7 31. Qd3 f5 32. Nf3 Qe6 33. Ne5 c5 34. Qg3 Rf6 35.
Rxh5 g5 36. Nf2 f4 37. Qf3 Qf5 38. Re1 c4 39. Nfg4 Raa6 40. Nxf6 exf6 41. Ng4
Qd7 42. Nxh6 Kf8 43. Ng4 Qg7 44. Qh3 Qg6 45. Rh8+ Kf7 46. Rh7+ Kg8 47. Rxc7 Qg7
48. Re8+ Qf8 49. Qh7# 1-0

[Event "Challenge"]
[Site "http://www.queenalice.com/game.php?id=1776894"]
[Date "2021.12.11"]
[Round "-"]
[White "jjjcarvalho"]
[Black "roli68"]
[Result "1-0"]
[WhiteElo "1691"]
[BlackElo "1674"]

1. d4 d5 2. Nf3 Nf6 3. e3 Ne4 4. c4 c6 5. Qc2 Qd6 6. Nc3 f5 7. Ne5 g6 8. cxd5 c5
9. Bb5+ Bd7 10. Bxd7+ Nxd7 11. Nf3 Nxc3 12. bxc3 Qxd5 13. O-O Nf6 14. Ne5 Nh5
15. f4 Bg7 16. Qa4+ Kf8 17. Ba3 b6 18. c4 Qd8 19. Rad1 Nf6 20. dxc5 Qe8 21.
Qxe8+ Kxe8 22. Rd3 Ne4 23. cxb6 axb6 24. Rfd1 Bxe5 25. fxe5 Kf7 26. Bb2 Rxa2 27.
e6+ Kxe6 28. Bxh8 h5 29. Bd4 g5 30. Bxb6 g4 31. c5 Rc2 32. g3 Nf2 33. R3d2 Nxd1
34. Rxd1 Re2 35. c6 Rc2 36. c7 Rc3 37. Rd8 Rc1+ 38. Kf2 Rc2+ 39. Ke1 Rc6 40.
c8=Q+ Rxc8 41. Rxc8 Kf7 42. Rc7 Kf6 43. Bc5 e6 44. h4 e5 45. Kd2 Ke6 46. Kd3 Kd5
47. Be7 Ke6 48. Bg5 Kd6 49. Rh7 Kd5 50. Rxh5 e4+ 51. Ke2 Ke5 52. Bf4+ Kf6 53.
Rg5 Ke6 54. h5 Kf6 55. h6 Kf7 56. h7 Ke6 57. h8=Q Kd5 58. Qd4+ Ke6 59. Qd6+ Kf7
60. Be5 Ke8 61. Rg8+ Kf7 62. Rf8# 1-0

[Event "Challenge"]
[Site "http://www.queenalice.com/game.php?id=1777617"]
[Date "2021.12.18"]
[Round "-"]
[White "cavaliernoir"]
[Black "roli68"]
[Result "0-1"]
[WhiteElo "1517"]
[BlackElo "1672"]

1. e4 d5 2. exd5 Qxd5 3. Nc3 Qe6+ 4. Qe2 Qc6 5. Nf3 Nf6 6. Qc4 Qb6 7. Na4 Qd6 8.
Qe2 Qc6 9. b3 Qxc2 10. Nd4 Qg6 11. g3 Bg4 12. Qe5 Kd8 13. Bg2 c6 14. Nc5 Bc8 15.
O-O Nbd7 16. Nxd7 Nxd7 17. Qe3 e5 18. Ne2 h5 19. Nc3 Bc5 20. Qe2 h4 21. gxh4
Rxh4 22. Qf3 Rf4 23. Qh3 Nf8 24. Qg3 Rg4 25. Qf3 Ne6 26. h3 Nd4 27. hxg4 Nxf3+
28. Bxf3 Bxg4 29. Bg2 Bf3 0-1

[Event "Challenge"]
[Site "http://www.queenalice.com/game.php?id=1777618"]
[Date "2021.12.18"]
[Round "-"]
[White "roli68"]
[Black "cavaliernoir"]
[Result "1-0"]
[WhiteElo "1661"]
[BlackElo "1528"]

1. e4 e5 2. d4 d6 3. d5 Nf6 4. Bb5+ Bd7 5. Bd3 Bg4 6. f3 Bh5 7. g4 Bg6 8. h4 h5
9. g5 Nfd7 10. f4 Nc5 11. Nc3 a6 12. f5 Bh7 13. Qxh5 g6 14. fxg6 fxg6 15. Qg4
Nbd7 16. b4 Nxd3+ 17. cxd3 c6 18. Be3 c5 19. a3 Qe7 20. Na4 b6 21. Nf3 b5 22.
Nc3 cxb4 23. axb4 Nb6 24. Bxb6 Rc8 25. Qxc8+ Kf7 26. Rxa6 Bg7 27. Qc6 Rb8 28.
Ra7 1-0

[Event "Challenge"]
[Site "http://www.queenalice.com/game.php?id=1779758"]
[Date "2022.1.9"]
[Round "-"]
[White "Filippo15"]
[Black "roli68"]
[Result "0-1"]
[WhiteElo "1002"]
[BlackElo "1678"]

1. b3 d5 2. Bb2 d4 3. d3 e5 4. e3 dxe3 5. fxe3 Bb4+ 6. c3 Bd6 7. Nd2 Nf6 8. e4
Bg4 9. Be2 h5 10. Bxg4 Nxg4 0-1

[Event "Challenge"]
[Site "http://www.queenalice.com/game.php?id=1790929"]
[Date "2022.6.15"]
[Round "-"]
[White "jjjcarvalho"]
[Black "roli68"]
[Result "1-0"]
[WhiteElo "1846"]
[BlackElo "1679"]

1. e4 e5 2. Nf3 f6 3. Bc4 Nc6 4. d3 Bb4+ 5. Bd2 Nh6 6. a3 Bc5 7. b4 Be7 8. Nc3
Ng4 9. Qe2 a5 10. Nd5 axb4 11. Nxe7 Qxe7 12. h3 Nh6 13. O-O f5 14. Bxh6 fxe4 15.
Bd2 exf3 16. Qxf3 Nd4 17. Qd1 bxa3 18. c3 Nf5 19. Re1 Qf6 20. Qf3 c6 21. Rxe5+
Ne7 22. Rae1 Qxf3 23. Rxe7+ Kd8 24. gxf3 d5 25. Ba2 h6 26. Bf4 g5 27. Bc7# 1-0

[Event "Challenge"]
[Site "http://www.queenalice.com/game.php?id=1790985"]
[Date "2022.6.15"]
[Round "-"]
[White "roli68"]
[Black "jjjcarvalho"]
[Result "0-1"]
[WhiteElo "1670"]
[BlackElo "1879"]

1. e4 c5 2. Bc4 d6 3. Qf3 e6 4. Bb5+ Bd7 5. Na3 a6 6. Bc4 Nc6 7. Nh3 Qf6 8. Nf4
Nge7 9. g3 b5 10. Be2 e5 11. Nd5 Nxd5 12. exd5 Qxf3 13. Bxf3 Rc8 14. dxc6 Bxc6
15. Bxc6+ Rxc6 16. O-O f5 17. Re1 h5 18. f4 e4 19. d3 d5 20. Bd2 Kd7 21. Ba5 b4
22. Nb1 Rc8 23. c3 bxc3 24. Nxc3 Kc6 25. d4 cxd4 26. Ne2 d3 27. Nd4+ Kd7 28.
Nxf5 g6 29. Nd4 Bc5 30. Bc3 Rhf8 31. Kg2 Rh8 32. Nb3 Rhg8 33. h4 Bb6 34. a4 Rge8
35. a5 Ba7 36. Rf1 e3 37. Nc1 d4 38. Bb4 Rc2+ 39. Kh3 e2 40. Nxd3 exf1=Q+ 41.
Rxf1 Re3 42. Ne5+ Ke6 43. Nxg6 Kf6 44. Ne5 Ree2 45. Nf3 Rxb2 46. Be1 Ra2 47. g4
hxg4+ 48. Kxg4 d3 49. h5 Rg2+ 50. Kh4 Bf2+ 51. Kh3 Bxe1 52. Rxe1 Rge2 53. Rg1 d2
54. h6 Re8 55. Kh4 Rh8 56. Kh5 Rxa5+ 57. Ng5 Rd5 58. Rd1 a5 59. Kg4 Rxh6 60.
Ne4+ Kg7 61. Rxd2 Rxd2 62. Nxd2 a4 63. Nc4 Rc6 64. Na5 Rg6+ 65. Kh5 a3 66. f5
Ra6 67. Nb3 Kf6 68. Kg4 a2 69. Kf4 Rb6 70. Nd2 a1=Q 0-1